| 000 | 00465nam a2200145Ia 4500 | ||
|---|---|---|---|
| 008 | 230917s9999||||xx |||||||||||||| ||und|| | ||
| 040 |
_e170837 _aMAIN |
||
| 041 | _aEnglish | ||
| 082 | _a891.432741 SP86P | ||
| 100 | _aश्रोत्रिय, प्रभाकर | ||
| 245 | 0 | _aफिर मे जहाँपनाह | |
| 260 |
_aइलाहाबाद _bलोकभारती प्रकाशन _c1997 |
||
| 300 | _a95 पृ. p. | ||
| 942 | _cHN | ||
| 999 |
_c138533 _d138533 |
||